000 00547nam a2200217Ia 4500
003 OSt
005 20220928144010.0
006 a|||||r|||| 00| 0
007 ta
008 220927b |||||||| |||| 00| 0 eng d
024 _a23442
037 _cTextual
040 _aSDCL
_cSDCL
_beng
041 _2eng
_aeng
082 _aO152:gxJ, M4
100 _aChaturvedi Parshuram
245 0 _aMadyakaleen sahityik pravtiyan.
260 _c1984
942 _hO152:gxJ, M4
_cTEXL
_2CC
999 _c825388
_d825388